000 00303nam a2200109Ia 4500
008 171204s9999 xx 000 0 und d
245 _aMarkets and Morals?:
245 _cE. Skidelsky
260 _c2014
650 _xCAPITAL AND SECURITIES MARKET
856 _uhttp://down.ebook777.com/046/1137472731.pdf
999 _c345686
_d345686